000 00415nam a22001457a 4500
005 20180727113935.0
020 _a8176486086
_c395.00
035 _aB-158603, B-158602
037 _aDPL
_bENG
100 _aMahmood, M.
245 _aDictionary of politics /
_cby M. Mahmood
260 _aNew Delhi
_bA.P.H. Publishing Corporation
_c2004
300 _a186p.
_c20 cms.
942 _2ddc
_cEN
_h320.03
_mMAH
999 _c65636
_d65636